| 000 | 00631cam a22002053a 4500 | ||
|---|---|---|---|
| 001 | 44717 | ||
| 003 | PGUSA | ||
| 005 | 20140828084024.0 | ||
| 008 | 140119s2014||||xxu|||||s|||||000 | eng d | ||
| 040 |
_aPGUSA _beng |
||
| 042 | _adc | ||
| 100 | 1 |
_aBartlett, Paul Alexander, _d1909-1990 |
|
| 245 | 1 | 0 |
_aForward, Children! _h[electronic resource] / _cPaul Alexander Bartlett |
| 260 |
_bProject Gutenberg, _c2014 |
||
| 506 | _aCopyrighted. Read the copyright notice inside this book for details. | ||
| 516 | _aElectronic text | ||
| 830 | 0 |
_aProject Gutenberg _v44717 |
|
| 856 | 4 | 0 | _uhttp://www.gutenberg.org/ebooks/44717 |
| 942 | _cEB | ||
| 999 |
_c273968 _d273968 |
||